| 000 -LEADER | |
|---|---|
| fixed length control field | 00517nam a22001817a 4500 |
| 005 - DATE AND TIME OF LATEST TRANSACTION | |
| control field | 20230116102430.0 |
| 008 - FIXED-LENGTH DATA ELEMENTS--GENERAL INFORMATION | |
| fixed length control field | 190503b xxu||||| |||| 00| 0 eng d |
| 020 ## - INTERNATIONAL STANDARD BOOK NUMBER | |
| ISBN | 978-93-87686-02-1 |
| 041 ## - LANGUAGE CODE | |
| Language code of text/sound track or separate title | eng |
| 082 ## - DEWEY DECIMAL CLASSIFICATION NUMBER | |
| Classification number | 610.01 |
| Item number | SHI-P |
| 100 ## - MAIN ENTRY--AUTHOR NAME | |
| Personal name | SHIMPI, GOPAL BANSILAL AND USMAN, MD. RAGEEB |
| 245 ## - TITLE STATEMENT | |
| Title | A PRACTICAL BOOK OF COMPUTER APPLICATIONS IN PHARMACY (SEM-II) |
| 250 ## - EDITION STATEMENT | |
| Edition statement | 3rd ed. 2019 |
| 260 ## - PUBLICATION, DISTRIBUTION, ETC. (IMPRINT) | |
| Place of publication | PUNE |
| Name of publisher | NIRALI PRAKASHAN |
| 300 ## - PHYSICAL DESCRIPTION | |
| Number of Pages | P.66 p, |
| 650 ## - SUBJECT ADDED ENTRY--TOPICAL TERM | |
| Topical Term | PHARMACY |
| General subdivision | B.PHARMA |
| 942 ## - ADDED ENTRY ELEMENTS (KOHA) | |
| Koha item type | Books |
| Lost status | Damaged status | Collection code | Home library | Current library | Shelving location | Date acquired | Source of acquisition | Cost, normal purchase price | Full call number | Accession Number | Koha item type |
|---|---|---|---|---|---|---|---|---|---|---|---|
| PHARMACY | JRU Library | JRU Library | Shelf - 27- E | 03/05/2019 | PURCHESS | 60.00 | 610.01 | 22725 | Books | ||
| PHARMACY | JRU Library | JRU Library | Shelf - 27- E | 03/05/2019 | PURCHESS | 60.00 | 610.01 | 22726 | Books | ||
| PHARMACY | JRU Library | JRU Library | Shelf - 27- E | 03/05/2019 | PURCHESS | 60.00 | 610.01 | 22727 | Books | ||
| PHARMACY | JRU Library | JRU Library | Shelf - 27- E | 03/05/2019 | PURCHESS | 60.00 | 610.01 | 22728 | Books | ||
| Reference | JRU Library | JRU Library | SHELF-5-E | 03/05/2019 | PURCHESS | 60.00 | 610.01 | 22729 | Books | ||
| PHARMACY | JRU Library | JRU Library | Shelf - 27- E | 10/02/2022 | PURCHASE | 75.00 | 610.01 | 26250 | Books | ||
| PHARMACY | JRU Library | JRU Library | Shelf - 27- E | 10/02/2022 | PURCHASE | 75.00 | 610.01 | 26251 | Books | ||
| PHARMACY | JRU Library | JRU Library | Shelf - 27- E | 10/02/2022 | PURCHASE | 75.00 | 610.01 | 26252 | Books | ||
| PHARMACY | JRU Library | JRU Library | Shelf - 27- E | 10/02/2022 | PURCHASE | 75.00 | 610.01 | 26253 | Books | ||
| PHARMACY | JRU Library | JRU Library | Shelf - 27- E | 10/02/2022 | PURCHASE | 75.00 | 610.01 | 26254 | Books |